|
|
|
|
| LEADER |
01078nam a2200349 4500 |
| 001 |
DLU110124614 |
| 005 |
##20110907 |
| 040 |
# |
# |
|a DLU
|b vie
|
| 041 |
# |
# |
|a vie
|
| 044 |
# |
# |
|a vn
|
| 082 |
# |
# |
|a 808.066
|b PI-H
|
| 100 |
# |
# |
|a Pierce, Heather.
|
| 245 |
# |
# |
|a Các đề xuất và giới thiệu ăn khách : 24 bài học dành cho những người thành đạt =
|b Persuasive proposals and presentations /
|c Heather Pierce; Lê Ngọc Bửu, Lê Sơn dịch.
|
| 246 |
# |
# |
|a Persuasive proposals and presentations
|
| 260 |
# |
# |
|a TP. HCM :
|b Tổng hợp,
|c 2008.
|
| 300 |
# |
# |
|a 69 tr. ;
|c 24 cm.
|
| 490 |
# |
# |
|a Cẩm nang dành cho nhà quản lý.
|
| 650 |
# |
# |
|a Đề nghị bằng văn bản trong kinh doanh.
|
| 650 |
# |
# |
|a Giới thiệu thương mại.
|
| 700 |
# |
# |
|a Lê Ngọc Bửu,
|e dịch.
|
| 700 |
# |
# |
|a Lê Sơn,
|e dịch.
|
| 923 |
# |
# |
|a 01/2011CP
|
| 991 |
# |
# |
|a SH
|
| 992 |
# |
# |
|a 25000
|
| 994 |
# |
# |
|a KCP
|
| 900 |
# |
# |
|a True
|
| 911 |
# |
# |
|a Đào Thị Thu Huyền
|
| 925 |
# |
# |
|a G
|
| 926 |
# |
# |
|a A
|
| 927 |
# |
# |
|a SH
|
| 980 |
# |
# |
|a Thư viện Trường Đại học Đà Lạt
|